[Event "18 Open international de La Reunion"]
[Site "Salle des fêtes de Bellepierre"]
[Date "2016.10.13"]
[Round "5.13"]
[White "Muller, Sebastien"]
[Black "Sandjivy, Jean Marc"]
[Result "0-1"]
[WhiteElo "1519"]
[BlackElo "1308"]
[PlyCount "103"]
[EventDate "2016.??.??"]

1. d4 Nf6 2. c4 b6 3. Nc3 e6 4. Bf4 Bb7 5. Qc2 d5 6. f3 dxc4 7. O-O-O Nd5 8.
Bd2 Nxc3 9. Qxc3 b5 10. e4 Ba6 11. a3 Nc6 12. d5 exd5 13. exd5 Qxd5 14. Bh6 Qh5
15. Bf4 b4 16. axb4 Nxb4 17. Re1+ Kd8 18. Qd4+ Qd5 19. Bg5+ Kd7 20. Qf4 Bd6 21.
Qg4+ Kc6 22. f4 Rhe8 23. Rd1 Qe4 24. Qf3 Qxf3 25. Nxf3 Re4 26. Nd4+ Kc5 27. Nc2
Rae8 28. f5 Nxc2 29. Kxc2 Bb5 30. Rc1 Re1 31. g3 Rxc1+ 32. Kxc1 Re1+ 33. Kd2
Rb1 34. Kc2 Ra1 35. Be3+ Kb4 36. Bd2+ Ka4 37. Bc3 Bc6 38. Bxc4 Be4+ 39. Kd2
Rxh1 40. b3+ Ka3 41. Bxf7 Bb4 42. Bxb4+ Kxb4 43. g4 Rxh2+ 44. Ke3 Bc2 45. g5
Bxb3 46. Be6 Bc4 47. Kf4 Re2 48. Bxc4 Kxc4 49. f6 gxf6 50. gxf6 Rf2+ 51. Ke5
Rxf6 52. Kxf6 0-1

[Event "18 Open international de La Reunion"]
[Site "Salle des fêtes de Bellepierre"]
[Date "2016.10.13"]
[Round "5.14"]
[White "Deschamps, Nathalie"]
[Black "Mercadal, Theo"]
[Result "0-1"]
[WhiteElo "1314"]
[BlackElo "1513"]
[PlyCount "144"]
[EventDate "2016.??.??"]

1. b3 d5 2. Bb2 c5 3. e3 Nf6 4. Nf3 e6 5. Ne5 a6 6. Be2 Be7 7. d3 O-O 8. O-O
Nbd7 9. f4 Qc7 10. Nd2 b6 11. c4 Bb7 12. Bf3 Rfe8 13. Qc2 Rad8 14. g4 Nxe5 15.
fxe5 Nd7 16. d4 Nf8 17. Bg2 Ng6 18. Nf3 h6 19. Qf2 Rf8 20. h4 dxc4 21. h5 Bxf3
22. hxg6 Bxg4 23. gxf7+ Kh8 24. bxc4 Bf5 25. e4 Bg6 26. d5 Qd7 27. Qg3 Bxf7 28.
Rad1 Qe8 29. d6 Bg5 30. Bc1 Bxc1 31. Rxc1 Qd7 32. Rf2 Rc8 33. Bh3 b5 34. Rg2
Rg8 35. Qa3 Qc6 36. Qf3 Rcf8 37. Qe3 b4 38. Rd2 Rd8 39. Qf4 Rgf8 40. Rcd1 Bg8
41. Qg4 Rd7 42. Rf1 Rxf1+ 43. Bxf1 Qc8 44. Rf2 Rf7 45. Rxf7 Bxf7 46. Qh4 Qd7
47. Qf2 Qa7 48. Qd2 Be8 49. Bh3 Bd7 50. Qf2 Kg8 51. Qf4 a5 52. Qg4 Kh7 53. Qf4
Kg8 54. Bg4 a4 55. Bh5 Bc8 56. Qd2 Qd7 57. Qe3 Qa7 58. Qg3 Qb7 59. Bd1 Bd7 60.
Qe3 Qb6 61. Qg3 Qa6 62. Qd3 Qc8 63. Qf1 Qf8 64. Qe1 Qf4 65. Bc2 Qg4+ 66. Kf1
Qf3+ 67. Kg1 g5 68. Bd1 Qf4 69. Qe2 Qxe5 70. Qh5 Kg7 71. Bc2 Qxd6 72. e5 Qd4+
0-1

[Event "18 Open international de La Reunion"]
[Site "Salle des fêtes de Bellepierre"]
[Date "2016.10.13"]
[Round "5.15"]
[White "Siffert, Arman"]
[Black "Evrin, Selvam"]
[Result "0-1"]
[WhiteElo "1270"]
[BlackElo "1498"]
[PlyCount "96"]
[EventDate "2016.??.??"]

1. e4 c5 2. Nf3 d6 3. d4 cxd4 4. Nxd4 Nf6 5. Nc3 g6 6. Bg5 Bg7 7. Nf3 O-O 8.
Bc4 Nc6 9. O-O Bg4 10. h3 Bd7 11. Re1 Rc8 12. Qd2 Re8 13. e5 dxe5 14. Rad1 Rc7
15. Bf1 Qc8 16. Nb5 Bf5 17. Nxc7 Qxc7 18. Bxf6 Bxf6 19. c3 e4 20. Nd4 Bxd4 21.
cxd4 Rd8 22. d5 h5 23. Qg5 Nb4 24. Be2 Nxd5 25. Qd2 Rd7 26. Qc1 Qe5 27. Bf1 Rc7
28. Qd2 Rd7 29. Qd4 Qb8 30. Qc5 e6 31. Be2 b6 32. Qb5 Qd8 33. g4 a6 34. Qc6 Rc7
35. Qa4 Qg5 36. f4 Nxf4 37. Qe8+ Kg7 38. Rd8 Nxh3+ 39. Kg2 Nf4+ 40. Kf2 Nh3+
41. Kg2 Nf4+ 42. Kf2 e3+ 43. Kf3 Qxg4+ 44. Kxe3 Qg3+ 45. Kd2 Rc2+ 46. Kd1 Rc1+
47. Kxc1 Qxe1+ 48. Bd1 Ne2# 0-1

[Event "18 Open international de La Reunion"]
[Site "Salle des fêtes de Bellepierre"]
[Date "2016.10.13"]
[Round "5.16"]
[White "Eric Andriana, Fitia"]
[Black "Assie, Joel"]
[Result "1-0"]
[WhiteElo "1156"]
[BlackElo "1449"]
[PlyCount "145"]
[EventDate "2016.??.??"]

1. e4 c6 2. d4 d5 3. e5 Bf5 4. g3 e6 5. Bg2 Nd7 6. Ne2 Ne7 7. O-O Ng6 8. c3 h6
9. Nd2 c5 10. Re1 Be7 11. Nb3 c4 12. Nd2 O-O 13. b3 b5 14. a4 a6 15. b4 f6 16.
f4 Qe8 17. a5 Rd8 18. Bb2 Bg4 19. h3 Bf5 20. Rf1 Bd3 21. Rf3 Bf5 22. g4 Bd3 23.
Nc1 Nh4 24. Rf2 Nxg2 25. Nxd3 Ne3 26. Qe2 Nxg4 27. hxg4 cxd3 28. Qxd3 f5 29.
Qg3 g5 30. Rh2 Qg6 31. gxf5 Rxf5 32. Qd3 g4 33. Rg2 h5 34. Nf1 Qh6 35. Bc1 Qh7
36. Nh2 Kf7 37. Nf1 Rh8 38. Ne3 Rxf4 39. Qxh7+ Rxh7 40. Nxd5 Rf3 41. Nxe7 Kxe7
42. Bg5+ Ke8 43. Bd2 Rg7 44. Rf1 Rgf7 45. Rxf3 Rxf3 46. Rh2 Rg3+ 47. Rg2 Rf3
48. Be1 Nf8 49. Rh2 Rh3 50. Rxh3 gxh3 51. Kh2 Kd7 52. Kxh3 Kc6 53. Kh4 Ng6+ 54.
Kxh5 Nf4+ 55. Kg5 Nd3 56. Kf6 Kd5 57. Ke7 Nxe1 58. Kd7 Ng2 59. Kc7 Nf4 60. Kb6
Ng6 61. Kxa6 Kc6 62. Ka7 Ne7 63. a6 Nd5 64. Kb8 Nc7 65. a7 Na6+ 66. Kc8 Nc7 67.
Kb8 Na6+ 68. Kc8 Nc7 69. Kd8 Na8 70. Ke7 Kd5 71. Kd7 Nb6+ 72. Kc7 Na8+ 73. Kb7
1-0

[Event "18 Open international de La Reunion"]
[Site "Salle des fêtes de Bellepierre"]
[Date "2016.10.13"]
[Round "5.17"]
[White "Larmet, Nino"]
[Black "Padre, Maxime"]
[Result "0-1"]
[WhiteElo "1418"]
[BlackElo "1261"]
[PlyCount "86"]
[EventDate "2016.??.??"]

1. a3 g6 2. d4 Bg7 3. e4 d6 4. Nf3 Nd7 5. Be3 e5 6. d5 Nb6 7. Bb5+ Bd7 8. Bxd7+
Qxd7 9. Bxb6 axb6 10. c4 Ne7 11. Nc3 O-O 12. O-O Bh6 13. Ne2 f5 14. Ng3 f4 15.
Ne2 Kh8 16. h4 Bg7 17. Ng5 Bf6 18. Ne6 Rg8 19. h5 gxh5 20. Nc3 h4 21. Qh5 Ng6
22. Nb5 Rac8 23. Qf5 Be7 24. Qh3 Nf8 25. Qf5 Nxe6 26. dxe6 Qe8 27. Nc3 Qg6 28.
Qxg6 Rxg6 29. Kh2 Rcg8 30. Rg1 Rxe6 31. Nd5 Bd8 32. a4 c6 33. Nc3 Bc7 34. b4
Ra8 35. b5 Rf6 36. f3 Kg7 37. Kh3 Kf7 38. Kxh4 Rg8 39. Kh5 Rgg6 40. Rh1 Bd8 41.
Kh4 Rh6+ 42. Kg4 Rfg6+ 43. Kf5 Rg5# 0-1

[Event "18 Open international de La Reunion"]
[Site "Salle des fêtes de Bellepierre"]
[Date "2016.10.13"]
[Round "5.18"]
[White "Sandjivy, Vivien"]
[Black "Pun Chung, Leo"]
[Result "0-1"]
[WhiteElo "1214"]
[BlackElo "1374"]
[PlyCount "64"]
[EventDate "2016.??.??"]

1. Nf3 Nc6 2. d4 e6 3. Bf4 Nf6 4. Nc3 Bb4 5. a3 Bxc3+ 6. bxc3 Ne4 7. Qd3 d5 8.
c4 Na5 9. cxd5 exd5 10. g3 Bf5 11. Bg2 Nd6 12. Qe3+ Be6 13. Ng5 Nac4 14. Qb3
O-O 15. Qd3 Bf5 16. e4 Re8 17. O-O dxe4 18. Bxe4 Bxe4 19. Nxe4 Rxe4 20. Rab1
Re8 21. Rb4 Nb6 22. c4 Nbxc4 23. Rxc4 Nxc4 24. Qxc4 c6 25. Rb1 Qd7 26. Qc3 Rad8
27. Be5 Qd5 28. Re1 Qe6 29. Qd2 f6 30. Kf1 fxe5 31. Qb2 Qc4+ 32. Kg2 Qxd4 0-1

[Event "18 Open international de La Reunion"]
[Site "Salle des fêtes de Bellepierre"]
[Date "2016.10.13"]
[Round "5.19"]
[White "Le Maguet, Loan"]
[Black "Hubert, Nathan"]
[Result "0-1"]
[WhiteElo "1362"]
[BlackElo "1080"]
[PlyCount "39"]
[EventDate "2016.??.??"]

1. e4 Nc6 2. Nf3 d6 3. h3 e5 4. Nc3 Nf6 5. d4 b6 6. dxe5 Nxe5 7. Nxe5 dxe5 8.
Qxd8+ Kxd8 9. Bg5 Ke8 10. O-O-O Bb7 11. Bb5+ c6 12. Ba4 Bc5 13. f3 h6 14. Bxf6
gxf6 15. Nd5 Kd8 16. Nxb6+ Kc7 17. Nxa8+ Rxa8 18. Bb3 Be3+ 19. Kb1 Rf8 20. Rd3
0-1

[Event "18 Open international de La Reunion"]
[Site "Salle des fêtes de Bellepierre"]
[Date "2016.10.13"]
[Round "5.20"]
[White "Leccia, Thomas"]
[Black "Frelicot, Eric"]
[Result "0-1"]
[WhiteElo "1211"]
[BlackElo "1749"]
[PlyCount "92"]
[EventDate "2016.??.??"]

1. e4 c6 2. d4 d5 3. Nc3 dxe4 4. Nxe4 Bf5 5. Ng3 Bg6 6. h4 h6 7. h5 Bh7 8. Be3
Nf6 9. Bd3 Bxd3 10. Qxd3 Nd5 11. N1e2 Nxe3 12. fxe3 Qa5+ 13. Qc3 Qxc3+ 14. Nxc3
e6 15. O-O-O b5 16. e4 b4 17. Nce2 Be7 18. d5 Bg5+ 19. Kb1 exd5 20. exd5 cxd5
21. Rxd5 O-O 22. Rhd1 Nc6 23. Nd4 Nxd4 24. R1xd4 a5 25. Re4 Rfe8 26. Rxa5 Rad8
27. a3 bxa3 28. Rxa3 Rd1+ 29. Ka2 Rb8 30. Rb3 Rbd8 31. c4 Bf6 32. Re2 Ra8+ 33.
Ra3 Ra1+ 34. Kxa1 Rxa3+ 35. Kb1 Rxg3 36. c5 Kf8 37. c6 Bd8 38. b4 Rb3+ 39. Rb2
Rxb2+ 40. Kxb2 Ke7 41. b5 Kd6 42. Kb3 Kc5 43. Ka4 g6 44. hxg6 fxg6 45. g3 h5
46. g4 hxg4 0-1

[Event "18 Open international de La Reunion"]
[Site "Salle des fêtes de Bellepierre"]
[Date "2016.10.13"]
[Round "5.21"]
[White "Turpin, Noah"]
[Black "Carballar, Eric"]
[Result "0-1"]
[WhiteElo "1099"]
[BlackElo "1399"]
[PlyCount "48"]
[EventDate "2016.??.??"]

1. e4 e5 2. Nf3 Nc6 3. Bc4 Qf6 4. d3 d6 5. Ng5 Nh6 6. Nc3 Bg4 7. Ne2 O-O-O 8.
f3 Be6 9. Nxe6 fxe6 10. Be3 d5 11. Bb5 dxe4 12. dxe4 Rxd1+ 13. Rxd1 Nb4 14. c3
Nc2+ 15. Kf2 Ng4+ 16. Kg1 Ngxe3 17. Bd7+ Kb8 18. Ba4 Nxd1 19. Bxc2 Ne3 20. Ba4
Bc5 21. Kf2 Qh4+ 22. g3 Qh3 23. f4 Qg2+ 24. Ke1 Qxh1+ 0-1

[Event "18 Open international de La Reunion"]
[Site "Salle des fêtes de Bellepierre"]
[Date "2016.10.13"]
[Round "5.22"]
[White "Rebut, Paul"]
[Black "Payet, Quentin"]
[Result "0-1"]
[WhiteElo "1050"]
[BlackElo "1199"]
[PlyCount "74"]
[EventDate "2016.??.??"]

1. e4 e5 2. Nf3 Nc6 3. Bc4 Bc5 4. c3 Nf6 5. d4 exd4 6. cxd4 Bb4+ 7. Bd2 Nxe4 8.
d5 Nxd2 9. Nbxd2 Ne7 10. O-O O-O 11. a3 Bd6 12. Ne4 Nf5 13. Nfg5 Be7 14. f4 Ne3
15. Qh5 h6 16. Rfe1 Nxc4 17. Nh3 Nxb2 18. Qe2 Na4 19. f5 d6 20. Ng3 Bh4 21. Rf1
Bxg3 22. hxg3 Re8 23. Qg4 Nc3 24. Qc4 Ne2+ 25. Kh2 Re3 26. Rae1 Nxg3 27. Rxe3
Nxf1+ 28. Qxf1 Qf6 29. Re8+ Kh7 30. Kh1 c6 31. dxc6 bxc6 32. g4 c5 33. Qg2 Rb8
34. Kh2 Bb7 35. Qe2 Rxe8 36. Qxe8 Qb2+ 37. Kg1 Qg2# 0-1

[Event "18 Open international de La Reunion"]
[Site "Salle des fêtes de Bellepierre"]
[Date "2016.10.13"]
[Round "5.23"]
[White "Leonardy, Batiste"]
[Black "Payet, Bruno"]
[Result "1/2-1/2"]
[WhiteElo "1195"]
[BlackElo "1111"]
[PlyCount "97"]
[EventDate "2016.??.??"]

1. e4 d5 2. e5 Nc6 3. d4 Bd7 4. Nc3 e6 5. Nf3 h6 6. Be2 Qe7 7. Bd2 O-O-O 8. Nb5
f6 9. Bc3 g5 10. exf6 Nxf6 11. Ne5 Kb8 12. Ng6 Qg7 13. Nxh8 Qxh8 14. Qd3 Bg7
15. Bf3 g4 16. Be2 h5 17. O-O-O Ne4 18. Rhf1 Rf8 19. f3 Nxc3 20. Nxc3 Nb4 21.
Qe3 Bh6 22. f4 Qh7 23. Bd3 Nxd3+ 24. Rxd3 a6 25. Kb1 Rf7 26. g3 Re7 27. Rd2 b5
28. Qe2 Kb7 29. b3 Bf8 30. Kb2 Re8 31. Nb1 b4 32. Re1 c5 33. c3 a5 34. Rc2 a4
35. cxb4 cxd4 36. Rd1 Bg7 37. Kc1 Kb6 38. Rc5 Qe4 39. Qc2 d3 40. Rxd3 Qxb4 41.
Rc7 Qe1+ 42. Rd1 Qe3+ 43. Rd2 axb3 44. axb3 Qe1+ 45. Rd1 Qe3+ 46. Rd2 Qe1+ 47.
Rd1 Qe3+ 48. Rd2 Qe1+ 49. Rd1 1/2-1/2

[Event "18 Open international de La Reunion"]
[Site "Salle des fêtes de Bellepierre"]
[Date "2016.10.13"]
[Round "5.24"]
[White "Mohamed, Keziah"]
[Black "Carballar, Alexandre"]
[Result "0-1"]
[WhiteElo "1010"]
[BlackElo "1170"]
[PlyCount "124"]
[EventDate "2016.??.??"]

1. e4 e6 2. Nf3 d5 3. Nc3 Nf6 4. d3 dxe4 5. dxe4 Qxd1+ 6. Nxd1 Nxe4 7. Bd3 Nc5
8. Bc4 Be7 9. O-O Nc6 10. b3 Na5 11. Be2 Ne4 12. Bb5+ Bd7 13. Bxd7+ Kxd7 14.
Ne5+ Ke8 15. c3 Bf6 16. Bf4 g5 17. Be3 Bxe5 18. b4 Nc4 19. Bc1 Nxc3 20. Bxg5
Ne2+ 21. Kh1 Bxa1 22. Re1 Rg8 23. Bh4 Nf4 24. Re4 Ng6 25. Rxc4 Nxh4 26. Rxh4
Rd8 27. Ne3 Bd4 28. Rxd4 Rxd4 29. g3 Rxb4 30. Nc2 Rb2 31. Ne3 Rxa2 32. Ng4 Rxg4
33. Kg2 Rb4 34. h3 Rbb2 35. Kf3 Rxf2+ 36. Kg4 Ra4+ 37. Kg5 Kf8 38. g4 Rf3 39.
h4 Rf5+ 40. gxf5 exf5 41. Kh6 Rxh4+ 42. Kg5 f4 43. Kxh4 a5 44. Kg4 a4 45. Kxf4
a3 46. Ke5 a2 47. Kd5 a1=Q 48. Kc5 Qa6 49. Kd5 Qc6+ 50. Kd4 Qb5 51. Ke3 Qc4 52.
Kf3 Qd4 53. Kg3 Qe4 54. Kh3 Qf4 55. Kg2 Qe3 56. Kh2 Qf3 57. Kg1 Qe2 58. Kh1 c5
59. Kg1 c4 60. Kh1 c3 61. Kg1 c2 62. Kh1 c1=R# 0-1

[Event "18 Open international de La Reunion"]
[Site "Salle des fêtes de Bellepierre"]
[Date "2016.10.13"]
[Round "5.25"]
[White "Riviere, Pierre"]
[Black "Laoussing, Mathis"]
[Result "0-1"]
[WhiteElo "1009"]
[BlackElo "1145"]
[PlyCount "46"]
[EventDate "2016.??.??"]

1. e4 e5 2. Nf3 Nc6 3. Nc3 Bc5 4. d4 exd4 5. Nxd4 Bxd4 6. Be2 Nf6 7. Bd3 O-O 8.
g3 d6 9. f4 Bg4 10. Qd2 Qe7 11. a3 d5 12. Kf1 dxe4 13. Nxe4 Nxe4 14. Bxe4 Qxe4
15. Rg1 Bxg1 16. Kxg1 Rad8 17. Qf2 Rd1+ 18. Qf1 Qd4+ 19. Kg2 Rxf1 20. Kxf1 Qd1+
21. Kf2 Qe2+ 22. Kg1 Bf3 23. Be3 Qg2# 0-1

[Event "18 Open international de La Reunion"]
[Site "Salle des fêtes de Bellepierre"]
[Date "2016.10.13"]
[Round "5.26"]
[White "Sandjivy, Yann"]
[Black "Padre, Bryan"]
[Result "0-1"]
[WhiteElo "1009"]
[BlackElo "1110"]
[PlyCount "54"]
[EventDate "2016.??.??"]

1. e4 e5 2. Nc3 Nf6 3. Nf3 Nc6 4. g3 Bc5 5. Bg2 O-O 6. O-O a6 7. d4 exd4 8. Na4
Bb4 9. e5 Nxe5 10. c4 d6 11. Nc5 Bxc5 12. Nh4 Qd7 13. Nf5 Qxf5 14. g4 Qe6 15.
Re1 Qd7 16. Bf4 Ng6 17. Rb1 Bb4 18. Re2 Nxf4 19. g5 Nxg2 20. Kxg2 Re8 21. Rxe8+
Qxe8 22. Qxd4 Qe1 23. Rc1 Bd2 24. Qa7 Rxa7 25. a3 Bxc1 26. c5 dxc5 27. b4 cxb4
0-1

[Event "18 Open international de La Reunion"]
[Site "Salle des fêtes de Bellepierre"]
[Date "2016.10.13"]
[Round "5.27"]
[White "Laoussing, Stephane"]
[Black "Alex-Geerjanan, Nils"]
[Result "1-0"]
[WhiteElo "1399"]
[BlackElo "1070"]
[PlyCount "79"]
[EventDate "2016.??.??"]

1. e4 e5 2. Nf3 Nc6 3. Bc4 Nf6 4. d3 Bc5 5. Nc3 d6 6. O-O O-O 7. Ng5 Bg4 8. Qd2
h6 9. Nxf7 Rxf7 10. Bxf7+ Kxf7 11. h3 Be6 12. Kh1 Bb4 13. a3 Bxc3 14. Qxc3 d5
15. Qb3 dxe4 16. Qxb7 Bd5 17. Qa6 exd3 18. Qxd3 Nh5 19. b3 Nf4 20. Bxf4 exf4
21. Qf5+ Kg8 22. Qxf4 Qg5 23. Qxg5 hxg5 24. Rad1 Be6 25. Rfe1 Bf5 26. c4 Bc2
27. Rd7 Rc8 28. Re3 Bf5 29. Rd5 Rf8 30. Rc5 Nd4 31. Rxc7 Nxb3 32. Rxb3 Re8 33.
Re3 Rd8 34. Ree7 Rd1+ 35. Kh2 Rd8 36. Rxg7+ Kh8 37. Rxg5 Be4 38. c5 Rg8 39.
Rh5+ Bh7 40. Rcxh7# 1-0

[Event "18 Open international de La Reunion"]
[Site "Salle des fêtes de Bellepierre"]
[Date "2016.10.13"]
[Round "6.1"]
[White "Mezouaghi, Miloud"]
[Black "Rodier, David"]
[Result "1-0"]
[WhiteElo "2057"]
[BlackElo "2147"]
[PlyCount "74"]
[EventDate "2016.??.??"]

1. e4 c5 2. Nf3 d6 3. d4 cxd4 4. Nxd4 Nf6 5. Nc3 g6 6. Be2 Bg7 7. O-O O-O 8.
Be3 Nc6 9. Nb3 a5 10. a4 Nb4 11. f4 Be6 12. Bf3 Rc8 13. Rf2 Nd7 14. Nd4 Bc4 15.
Rd2 Qe8 16. Ncb5 f5 17. exf5 gxf5 18. c3 Nc6 19. Nxc6 bxc6 20. Na7 Rc7 21. Nxc6
Nf6 22. Nxa5 Ba6 23. Qb3+ Kh8 24. Re1 Ne4 25. Bxe4 fxe4 26. Bb6 Rd7 27. Rxe4 e5
28. Rf2 Qg6 29. Qd1 Rdf7 30. g3 h6 31. Be3 exf4 32. Rexf4 Rxf4 33. Rxf4 Re8 34.
Bd4 Be5 35. Bxe5+ dxe5 36. Qd7 Qb6+ 37. Rf2 Qb8 1-0

[Event "18 Open international de La Reunion"]
[Site "Salle des fêtes de Bellepierre"]
[Date "2016.10.13"]
[Round "6.2"]
[White "Lorans, Sylvain"]
[Black "Testud, Philippe"]
[Result "1-0"]
[WhiteElo "2157"]
[BlackElo "2202"]
[PlyCount "47"]
[EventDate "2016.??.??"]

1. d4 Nf6 2. Nf3 e6 3. Bf4 c5 4. e3 b6 5. Bd3 Bb7 6. c3 cxd4 7. exd4 Be7 8. h3
O-O 9. O-O d6 10. Nbd2 Nbd7 11. a4 a6 12. Re1 Qc7 13. Rc1 Bc6 14. c4 Qb7 15. d5
Bxd5 16. cxd5 Nxd5 17. Bg5 Bxg5 18. Nxg5 Nf4 19. Bxh7+ Kh8 20. Be4 d5 21. Qg4
Nf6 22. Qxf4 dxe4 23. Qh4+ Kg8 24. Ndxe4 1-0

[Event "18 Open international de La Reunion"]
[Site "Salle des fêtes de Bellepierre"]
[Date "2016.10.13"]
[Round "6.3"]
[White "Desire, Michael"]
[Black "Rajaobelina, Hery"]
[Result "1-0"]
[WhiteElo "1808"]
[BlackElo "1683"]
[PlyCount "61"]
[EventDate "2016.??.??"]

1. d4 d5 2. c4 e6 3. Nc3 Nf6 4. Nf3 Nbd7 5. e3 c6 6. Be2 Bd6 7. Qc2 dxc4 8. a4
Bb4 9. e4 Bxc3+ 10. bxc3 Qa5 11. Ba3 Nxe4 12. Bb4 Qd5 13. O-O a5 14. Ba3 b5 15.
axb5 cxb5 16. Nd2 Nxd2 17. Qxd2 Qf5 18. Bf3 Ra6 19. Rfe1 h6 20. Rab1 Rb6 21.
Be4 Qg5 22. Qe2 f5 23. Bf3 Kf7 24. Rxb5 Re8 25. h4 Qxh4 26. Rxf5+ Nf6 27. g3
exf5 28. Qxc4+ Be6 29. Qc7+ Bd7 30. gxh4 Rxe1+ 31. Kg2 1-0

[Event "18 Open international de La Reunion"]
[Site "Salle des fêtes de Bellepierre"]
[Date "2016.10.13"]
[Round "6.4"]
[White "Goorsahye, Antoine"]
[Black "Jotee, Ashvin"]
[Result "1/2-1/2"]
[WhiteElo "1672"]
[BlackElo "1752"]
[PlyCount "72"]
[EventDate "2016.??.??"]

1. d4 e6 2. c4 f5 3. Nc3 Nf6 4. g3 d5 5. Bg2 c6 6. Nf3 Bd6 7. c5 Bc7 8. Bg5
Nbd7 9. O-O O-O 10. b4 Qe8 11. b5 e5 12. Bxf6 Rxf6 13. e3 e4 14. Ng5 h5 15. Nh3
Nf8 16. a4 Ne6 17. Qe2 Ba5 18. Na2 Bd7 19. Rab1 g5 20. Kh1 Kh8 21. f3 exf3 22.
Bxf3 Qg6 23. Bg2 Re8 24. Qd3 Re7 25. bxc6 Bxc6 26. Qb3 Nc7 27. Nf2 Rfe6 28. Nd1
Bd2 29. Qd3 Bxe3 30. Rxf5 Rf6 31. Nxe3 Rxe3 32. Qxe3 Qxf5 33. Rf1 Qe6 34. Qd3
Rxf1+ 35. Qxf1 Kg7 36. Nc3 Qf6 1/2-1/2

[Event "18 Open international de La Reunion"]
[Site "Salle des fêtes de Bellepierre"]
[Date "2016.10.13"]
[Round "6.6"]
[White "Duprey, Francois-Xavier"]
[Black "Andriandaza, Tombo Omar"]
[Result "0-1"]
[WhiteElo "1637"]
[BlackElo "1699"]
[PlyCount "132"]
[EventDate "2016.??.??"]

1. c4 f5 2. d4 Nf6 3. Nc3 g6 4. Nf3 Bg7 5. g3 d6 6. Bg2 O-O 7. O-O c6 8. Qb3 d5
9. cxd5 Nxd5 10. Nxd5 Qxd5 11. Qa3 Qd6 12. Qb3+ Qd5 13. Qa3 e6 14. Ne5 Qxd4 15.
Nf3 Qf6 16. Rb1 h6 17. Bf4 Nd7 18. Be3 e5 19. Rfd1 Kh7 20. Rd6 Qe7 21. Rbd1 Rf7
22. Nh4 Bf6 23. Nf3 Qe8 24. Qb3 Nf8 25. Qc2 Be6 26. Qc1 Bg7 27. b3 Bd5 28. Nh4
Bxg2 29. Nxg2 Ne6 30. Qc4 Nc7 31. R6d2 Nd5 32. Bc5 a6 33. Ba3 b5 34. Qc2 Qe6
35. e4 fxe4 36. Qxe4 Nc3 37. Qc2 Nxd1 38. Rxd1 Rd7 39. Re1 Rad8 40. Bb4 Qf5 41.
Qc1 Rf7 42. Rf1 Qe4 43. Bc5 Qd5 44. Nh4 Bf6 45. Ng2 Be7 46. Be3 c5 47. Bxh6 c4
48. Bg5 Bxg5 49. Qxg5 c3 50. Ne3 Qd6 51. Qh4+ Kg8 52. Ng4 Rc7 53. Nxe5 Qxe5 54.
Qxd8+ Kg7 55. Qd3 a5 56. a3 Qc5 57. Rc1 b4 58. a4 Qe5 59. f4 Qc5+ 60. Kg2 Re7
61. Rc2 Qe3 62. Qf1 Qe4+ 63. Kg1 Qe1 64. Qxe1 Rxe1+ 65. Kf2 Rb1 66. Ke3 Rxb3
0-1

[Event "18 Open international de La Reunion"]
[Site "Salle des fêtes de Bellepierre"]
[Date "2016.10.13"]
[Round "6.7"]
[White "Calmels, Nicolas"]
[Black "Mercadal, Theo"]
[Result "1-0"]
[WhiteElo "1863"]
[BlackElo "1513"]
[PlyCount "67"]
[EventDate "2016.??.??"]

1. e4 e5 2. d4 exd4 3. Qxd4 Nc6 4. Qe3 d6 5. Bd2 Be6 6. Nc3 a6 7. h3 g6 8. f4
Bg7 9. Nf3 h6 10. f5 Bd7 11. O-O-O Ne5 12. Nxe5 Bxe5 13. fxg6 fxg6 14. Nd5 Bc6
15. Bc3 Nf6 16. Bxe5 Bxd5 17. Bxf6 Qxf6 18. exd5+ Qe7 19. Qf2 Rf8 20. Qd4 Kd8
21. Bd3 Qg5+ 22. Kb1 b6 23. Qg7 Re8 24. Rde1 Rxe1+ 25. Rxe1 Kc8 26. Re8+ Kb7
27. Rxa8 Kxa8 28. Qxc7 Qxg2 29. Qc8+ Ka7 30. Qxa6+ Kb8 31. Qxb6+ Ka8 32. Qa6+
Kb8 33. Qxd6+ Ka7 34. a4 1-0

[Event "18 Open international de La Reunion"]
[Site "Salle des fêtes de Bellepierre"]
[Date "2016.10.13"]
[Round "6.8"]
[White "Evrin, Selvam"]
[Black "Coent, Yann"]
[Result "0-1"]
[WhiteElo "1498"]
[BlackElo "1812"]
[PlyCount "56"]
[EventDate "2016.??.??"]

1. e4 e5 2. Nf3 Nc6 3. Bc4 Bc5 4. c3 Nf6 5. d3 d6 6. Nbd2 h6 7. b4 Bb6 8. Nf1
O-O 9. Ng3 d5 10. exd5 Nxd5 11. Qb3 Nf4 12. O-O Qf6 13. a4 a6 14. Re1 Nh3+ 15.
Kf1 Nxf2 16. d4 Ng4 17. Kg1 exd4 18. Ne4 dxc3+ 19. Be3 Bxe3+ 20. Rxe3 Qe7 21.
Re2 Qxb4 22. Qa2 Qb6+ 23. Kh1 Nd4 24. Nxd4 Qxd4 25. h3 Ne3 26. Bb3 Qxe4 27.
Bxf7+ Rxf7 28. Rf1 Be6 0-1

[Event "18 Open international de La Reunion"]
[Site "Salle des fêtes de Bellepierre"]
[Date "2016.10.13"]
[Round "6.9"]
[White "Padre, Maxime"]
[Black "Bah, Ismael"]
[Result "1-0"]
[WhiteElo "1261"]
[BlackElo "1786"]
[PlyCount "89"]
[EventDate "2016.??.??"]

1. b3 e5 2. Bb2 Nc6 3. Nc3 Nf6 4. g3 b6 5. Bg2 Bb7 6. e3 d6 7. Nge2 Na5 8. e4
Nc6 9. d3 g6 10. O-O Bg7 11. Qd2 h5 12. f4 Bh6 13. Qe1 Ng4 14. Bc1 Nb4 15. Qd1
Bg7 16. a3 Nc6 17. h3 Nf6 18. Bb2 O-O 19. Qd2 Nd4 20. Nxd4 exd4 21. Ne2 c5 22.
Rf2 d5 23. e5 Ne8 24. Raf1 Rc8 25. Kh2 Ba6 26. Ng1 Nc7 27. Nf3 Rb8 28. Qe2 Bh6
29. Bc1 Kg7 30. Ng5 Bc8 31. Nf3 Nb5 32. Bb2 Nc3 33. Bxc3 dxc3 34. Qe1 d4 35. h4
Re8 36. Qd1 Bg4 37. Bh3 Qd7 38. Bxg4 Qxg4 39. Ng1 Qf5 40. Nf3 Rb7 41. Ng5 Bxg5
42. hxg5 Rh8 43. Qf3 Rd7 44. Qg2 Rc8 45. Qh3 1-0

[Event "18 Open international de La Reunion"]
[Site "Salle des fêtes de Bellepierre"]
[Date "2016.10.13"]
[Round "6.10"]
[White "Etheve, Lionel"]
[Black "Triton, Maxime"]
[Result "0-1"]
[WhiteElo "1494"]
[BlackElo "1771"]
[PlyCount "70"]
[EventDate "2016.??.??"]

1. Nf3 d5 2. d4 Nf6 3. Nc3 e6 4. e3 c5 5. Bb5+ Bd7 6. Bxd7+ Nbxd7 7. Ne2 Bd6 8.
Ng3 Qc7 9. c3 h5 10. dxc5 Nxc5 11. Nd4 a6 12. Nb3 h4 13. Ne2 Nce4 14. f3 Nc5
15. Nxc5 Bxc5 16. Nd4 Bd6 17. h3 O-O-O 18. Qb3 Bg3+ 19. Kd1 Nd7 20. Bd2 Nc5 21.
Qc2 e5 22. Nb3 Kb8 23. Nxc5 Qxc5 24. Qf5 Qe7 25. Kc2 Rh6 26. e4 Rhd6 27. exd5
Rxd5 28. Be3 g6 29. Qg4 Qd6 30. Qb4 Qxb4 31. cxb4 Rc8+ 32. Kb1 Bf4 33. Bxf4
exf4 34. Rc1 Rd2 35. Rxc8+ Kxc8 0-1

[Event "18 Open international de La Reunion"]
[Site "Salle des fêtes de Bellepierre"]
[Date "2016.10.13"]
[Round "6.11"]
[White "Jubin, Thierry"]
[Black "Le Maguet, Loan"]
[Result "1/2-1/2"]
[WhiteElo "1690"]
[BlackElo "1362"]
[PlyCount "39"]
[EventDate "2016.??.??"]

1. b3 d5 2. Bb2 Nc6 3. e3 a6 4. f4 Bf5 5. Nf3 e6 6. Be2 Nf6 7. O-O Be7 8. a3
O-O 9. Nh4 Bg6 10. Nxg6 fxg6 11. Qe1 Ne4 12. d3 Nd6 13. Nd2 Bf6 14. c3 Nf5 15.
Qf2 e5 16. e4 dxe4 17. dxe4 Nd6 18. fxe5 Bxe5 19. Qe3 Qe7 20. Nc4 1/2-1/2

[Event "18 Open international de La Reunion"]
[Site "Salle des fêtes de Bellepierre"]
[Date "2016.10.13"]
[Round "6.12"]
[White "Pun Chung, Leo"]
[Black "Herrero, Alain"]
[Result "0-1"]
[WhiteElo "1374"]
[BlackElo "1658"]
[PlyCount "46"]
[EventDate "2016.??.??"]

1. e4 c5 2. Nf3 Nc6 3. d4 cxd4 4. Nxd4 g6 5. Nc3 Nf6 6. f3 Bg7 7. Be3 O-O 8.
Qd2 Qa5 9. Bc4 Qb4 10. Nxc6 bxc6 11. Bb3 Ba6 12. Bh6 d6 13. Bxg7 Kxg7 14. h4 h5
15. g4 e6 16. O-O-O Rfd8 17. Ne2 Qxd2+ 18. Rxd2 hxg4 19. Nf4 gxf3 20. Bxe6 Nxe4
21. Rd4 d5 22. Bg4 f2 23. Bh3 Ng3 0-1

[Event "18 Open international de La Reunion"]
[Site "Salle des fêtes de Bellepierre"]
[Date "2016.10.13"]
[Round "6.13"]
[White "Sandjivy, Jean Marc"]
[Black "Vitry, Patrick"]
[Result "0-1"]
[WhiteElo "1308"]
[BlackElo "1613"]
[PlyCount "54"]
[EventDate "2016.??.??"]

1. c4 e5 2. Nc3 d6 3. e3 f5 4. d4 e4 5. d5 Nf6 6. Nh3 g6 7. Nf4 Bg7 8. Ne6 Bxe6
9. dxe6 c6 10. Nd5 cxd5 11. cxd5 Qa5+ 12. Bd2 Qxd5 13. Qa4+ Nc6 14. e7 Kxe7 15.
Bc4 Qc5 16. O-O Rad8 17. Rac1 Qb6 18. Bb5 Rc8 19. Bxc6 bxc6 20. Ba5 Qb5 21. Qa3
Nd5 22. Rfd1 Bxb2 23. Qb3 Qxb3 24. axb3 Bxc1 25. Rxc1 Rb8 26. Rb1 Rb5 27. Bd2
Rhb8 0-1